| 000 | 01273cam a2200277 4500 | ||
|---|---|---|---|
| 001 | 4095416 | ||
| 003 | NUST | ||
| 005 | 20220305140116.0 | ||
| 008 | 740925s1974 nyua b 000 0beng | ||
| 010 | _a 74001533 | ||
| 020 | _a0385112440 | ||
| 038 | _awaseem | ||
| 040 |
_aDLC _cDLC _dDLC |
||
| 082 | 0 | 0 |
_a271.12502 _bTHO |
| 245 | 1 | 0 |
_aThomas Merton, monk; _ba monastic tribute. _cby Brother Patrick Hart |
| 260 |
_aNew York : _bImage Books _c1976. |
||
| 300 |
_a232p. ; _c18 cm. |
||
| 505 | 0 | _aKelty, M. The man.--Bamberger, J. E. The monk.--Lentfoehr, T. The solitary.--Steindl-Rast, D. Man of prayer.--Ryan, P. Two poems.--Leclercq, J. The evolving monk.--Lentfoehr, T. The spiritual writer.--Dumont, C. The contemplative.--Fox, J. The spiritual son.--Cameron-Brown, A. Zen Master.--Conner, T. Monk of renewal.--Saword, A. A nun's tribute.--Lentfoehr, T. Two poems.--Hart, P. The ecumenical monk.--Burns, F. Epilogue: A homily.--Bibliography (p. 225-228) | |
| 563 | _aPBK. | ||
| 600 | 1 | 0 |
_aMerton, Thomas, _d1915-1968. _990246 |
| 610 | 2 | 0 |
_aTrappists _zUnited States _xBiography. _990247 |
| 650 | 0 |
_aMonks _zUnited States _xBiography. _990248 |
|
| 700 |
_aby Brother Patrick Hart _990245 |
||
| 906 |
_a7 _bcbc _corignew _d2 _eocip _f19 _gy-gencatlg |
||
| 942 |
_2ddc _cBK |
||
| 999 |
_c588583 _d588583 |
||